000 00382nam a2200145Ia 4500
008 220217s9999||||xx |||||||||||||| ||und||
020 _a9780070220881
082 _a658 TRI
100 _aTripathi, P.C and Reddy, P.N.
245 0 _aPrinciples of Managment
250 _a4
260 _aTata mc graw hill
_bNew Delhi
_c2010
300 _axvi;413
_b325
650 _aMANAGEMENT
999 _c182048
_d182048